| 000 | 01186cam a2200277 i 4500 | ||
|---|---|---|---|
| 005 | 20160119042003.0 | ||
| 008 | 991130s1998 fi ab r 00010 spa d | ||
| 020 | _a9512913380 | ||
| 040 |
_ala _cCO-BoIAVH _dCO-BoIAVH |
||
| 041 | 0 | _aspa | |
| 043 | _as-pe--- | ||
| 082 | 0 | 4 |
_a333.72 _bG34g |
| 245 | 0 | 0 |
_aGeoecología y desarrollo amazónico : _bestudio integrado en la zona de Iquitos, Perú / _ceditores: Risto Kalliola, Salvador Flores Paitán. |
| 250 | _aEditores Risto Kalliola, Salvador Flores Paitán. | ||
| 260 |
_aTurku, Finlandia : _bTurun Yliopisto, _c1998. |
||
| 300 |
_a544 páginas : _bilustraciones y mapas + _e2 Plegables. |
||
| 650 | 1 | 6 |
_aEcología _x Investigaciones _z Iquitos (Perú) |
| 650 | 2 | 6 |
_aProtección del medio ambiente _x Investigaciones _z Iquitos (Perú) |
| 650 | 2 | 6 |
_aClimatología _x Investigaciones _z Iquitos (Perú) |
| 650 | 2 | 6 |
_aUso de la tierra _x Investigaciones _z Iquitos (Perú) |
| 650 | 2 | 6 |
_aPlanificación regional _x Investigaciones _z Iquitos (Perú) |
| 700 | 1 |
_aKalliola, Risto, _eedItor. |
|
| 700 | 1 |
_aFlores Paitán, Salvador, _eedItor. |
|
| 942 |
_2ddc _cLIBRO |
||
| 949 |
_an _bn |
||
| 999 |
_c1882 _d1882 |
||